书目信息 |
| 题名: |
典型有毒有害气体净化技术
|
|
| 作者: | 王驰 著 | |
| 分册: | ||
| 出版信息: | 北京 冶金工业出版社 2019.03 |
|
| 页数: | 268页 | |
| 开本: | 24cm | |
| 丛书名: | ||
| 单 册: | ||
| 中图分类: | X965 , X51 | |
| 科图分类: | ||
| 主题词: | 有毒气体--you du qi ti--空气净化 , 有害气体--you hai qi ti--空气净化 | |
| 电子资源: | ||
| ISBN: | 978-7-5024-8070-7 | |
| 000 | 01003nam0 2200265 450 | |
| 001 | 0100010272 | |
| 005 | 20190905093951.0 | |
| 010 | @a978-7-5024-8070-7@dCNY78.00 | |
| 100 | @a20190901d2019 em y0chiy50 ea | |
| 101 | 0 | @achi |
| 102 | @aCN@b110000 | |
| 105 | @aak a 000yy | |
| 106 | @ar | |
| 200 | 1 | @a典型有毒有害气体净化技术@Adian xing you du you hai qi ti jing hua ji shu@f王驰著 |
| 210 | @a北京@c冶金工业出版社@d2019.03 | |
| 215 | @a268页@c图@d24cm | |
| 320 | @a有书目 (第261-268页) | |
| 330 | @a本书共分7章, 主要内容包括: 典型有毒有害气体分类、特点及净化处理技术 ; NH3气体净化处理技术及设备 ; PH3气体净化处理技术及设备 ; H2S气体净化处理技术及设备 ; 有机硫气体净化处理技术及设备 ; HCN气体净化处理技术及设备 ; 其他典型气体污染物净化技术及设备。 | |
| 606 | 0 | @a有毒气体@Ayou du qi ti@x空气净化 |
| 606 | 0 | @a有害气体@Ayou hai qi ti@x空气净化 |
| 690 | @aX965@v5 | |
| 690 | @aX51@v5 | |
| 701 | 0 | @a王驰@Awang chi@4著 |
| 801 | 0 | @aCN@c20190905 |
| 905 | @a河南城建学院图书馆@dX965@eW133 | |
| 典型有毒有害气体净化技术/王驰著.-北京:冶金工业出版社,2019.03 |
| 268页:图;24cm |
| ISBN 978-7-5024-8070-7:CNY78.00 |
| 本书共分7章, 主要内容包括: 典型有毒有害气体分类、特点及净化处理技术 ; NH3气体净化处理技术及设备 ; PH3气体净化处理技术及设备 ; H2S气体净化处理技术及设备 ; 有机硫气体净化处理技术及设备 ; HCN气体净化处理技术及设备 ; 其他典型气体污染物净化技术及设备。 |
| ● |
| 相关链接 |
|
|
|
正题名:典型有毒有害气体净化技术
索取号:X965/W133
 
预约/预借
| 序号 | 登录号 | 条形码 | 馆藏地/架位号 | 状态 | 备注 |
| 1 | 1437852 | 214378528 | 自科库501/501自科库 123排1列2层/ [索取号:X965/W133] | 在馆 | |
| 2 | 1437853 | 214378537 | 自科库501/501自科库 123排1列2层/ [索取号:X965/W133] | 在馆 |